| 000 | 01069nam a2200265 a 4500 | ||
|---|---|---|---|
| 001 | 000022872 | ||
| 005 | 20200930021841.0 | ||
| 008 | 101120s1967 sp a r 000 0 spa d | ||
| 040 |
_aDO-SdBNP _bspa _cBNPHU |
||
| 041 | 1 | 7 |
_aspa _hfre _2Código de idioma MARC |
| 082 |
_annnn _bD419f |
||
| 100 | 1 |
_aDepallens, Georges, _947004 |
|
| 240 | 1 | 0 |
_aInitiation aux probrèmes financiers de l´entreprise. _lEspañol. |
| 245 | 1 | 0 |
_aFinanciación de empresas : _bprincipios / _cM. Georges Depallens ; traducido por A. Ibañez. |
| 260 |
_aBilbao, España : _bDeusto, _c1967. |
||
| 300 |
_a4 v. : _bil. ; _c22 cm. |
||
| 490 | 1 | _aManuales prácticos de gestión de empresas | |
| 490 | 1 | _aE | |
| 500 | _aLa biblioteca posee el vol. 3 | ||
| 504 | _aIncluye referencias bibliográficas y notas al pie de las páginas. | ||
| 534 |
_pTítulo original en inglés: _tInitiation aux probrèmes financiers de l´entreprise. _cParís: L´Entreprise Moderne. |
||
| 700 | 1 |
_aIbañez, A., _etr. _947005 |
|
| 830 | 0 |
_aManuales prácticos de gestión de empresas ; _pE _947006 |
|
| 049 | _aBNGR | ||
| 999 |
_c22369 _d22369 |
||